书目信息 |
| 题名: |
中国连锁攻略
|
|
| 作者: | 高景远 主编 | |
| 分册: | ||
| 出版信息: | 北京 中国长安出版社 2005 |
|
| 页数: | 306 | |
| 开本: | 21cm | |
| 丛书名: | ||
| 单 册: | ||
| 中图分类: | F721.7 | |
| 科图分类: | ||
| 主题词: | 商业经济--中国 | |
| 电子资源: | ||
| ISBN: | 7-80175-332-1 | |
| 000 | 00642nam0 2200193 450 | |
| 001 | 0760515518 | |
| 005 | 20070817164835.51 | |
| 010 | @a7-80175-332-1@d¥30.00 | |
| 100 | @a20070817d km y0chiy0120 ea | |
| 101 | 0 | @achi |
| 200 | 1 | @a中国连锁攻略@Azhong guo lian suo gong lue@e与49位连锁企业老总的对话@f高景远主编@Fgao jing yuan zhu bian |
| 210 | @a北京@c中国长安出版社@d2005 | |
| 215 | @a306@d21cm | |
| 517 | 1 | @a与49位连锁企业老总的对话@Ayu 49 wei lian suo qi ye lao zong de dui hua |
| 606 | 0 | @a商业经济@x中国 |
| 690 | @aF721.7@v3 | |
| 701 | 0 | @a高景远@Agao jing yuan@4主编 |
| 801 | 0 | @aCN@bPFT@c20070817 |
| 905 | @a213230@dF721.7@eg176@f1 | |
| 中国连锁攻略:与49位连锁企业老总的对话/高景远主编.-北京:中国长安出版社,2005 |
| 306;21cm |
| ISBN 7-80175-332-1:¥30.00 |
| ● |
| 相关链接 |
|
|
|
|
正题名:中国连锁攻略
索取号:F721.7/g176
 
预约/预借
| 序号 | 登录号 | 条形码 | 馆藏地/架位号 | 状态 | 备注 |
| 1 | 6503323 | 265033233 | 密集书库-海洋学院/ [索取号:F721.7/g176] | 在馆 | |
| 2 | 6503324 | 265033242 | 密集书库-海洋学院/ [索取号:F721.7/g176] | 在馆 |